13 Original US Colonies on a Map - Statistics

General Stats
  • This quiz has been taken 263 times
  • The average score is 12 of 13
Answers on the Map
Answers color-coded by a green-red scale on the quiz's map according to % correct below.
 
Answer Stats
Answer % Correct
New york
96%
Georgia
91%
Maryland
91%
North Carolina
91%
Pennsylvania
91%
South Carolina
91%
Virginia
91%
Connecticut
90%
Delaware
89%
New Jersey
89%
Rhode Island
89%
Massachusetts
87%
New hampshire
85%
No matching quizzes found
Score Distribution
Percent of People with Each Score
Percentile by Number Answered
Your Score History
You have not taken this quiz